Geography Quiz

Random Geography or World Quiz

Islands by countries (multiple choice) Quiz Stats

 Plays Quiz not verified by Sporcle

Support Sporcle.
Go Orange.
Score 0/30 Timer 05:00
0 Plays Today
Question Answer Wrong Answers
Puerto Rico USA
93.2%
UK
0%
France
1.9%
Anglesey UK
93.2%
USA
1%
France
1.9%
Miquelon France
91.3%
USA
1.9%
UK
1%
Guadeloupe France
91.3%
USA
2.9%
UK
0%
Midway Atoll USA
90.3%
UK
3.9%
France
1%
Martinique France
90.3%
USA
1%
UK
3.9%
Saint Barthélemy France
90.3%
USA
1.9%
UK
1.9%
East Falkland UK
89.3%
USA
2.9%
France
1%
Kodiak USA
89.3%
UK
2.9%
France
1%
Guam USA
89.3%
Uk
1%
France
4.9%
Jersey UK
88.3%
USA
5.8%
France
1%
O‘ahu USA
88.3%
UK
1.9%
France
3.9%
Mayotte France
87.4%
USA
3.9%
UK
3.9%
Kauai USA
86.4%
UK
4.9%
France
2.9%
Maui USA
84.5%
UK
3.9%
France
4.9%
Johnston Atoll USA
83.5%
UK
10.7%
France
1%
Alderney UK
83.5%
USA
3.9%
France
6.8%
Islay UK
82.5%
USA
8.7%
France
4.9%
New Caledonia France
80.6%
USA
3.9%
UK
10.7%
Tahiti France
79.6%
USA
9.7%
UK
3.9%
Futuna France
78.6%
USA
6.8%
UK
9.7%
South Georgia UK
78.6%
USA
16.5%
France
1.9%
Saipan USA
74.8%
UK
5.8%
France
13.6%
St Mary's UK
73.8%
USA
16.5%
France
3.9%
Saint Helena UK
68.9%
USA
8.7%
France
17.5%
Ascension Island UK
68%
USA
11.7%
France
15.5%
Kerguelen France
63.1%
USA
16.5%
UK
14.6%
Wallis France
56.3%
USA
11.7%
UK
27.2%
Diego Garcia UK
55.3%
USA
34%
France
5.8%
Small Diomede USA
50.5%
UK
18.4%
France
25.2%

You're not logged in!

Compare scores with friends on all Sporcle quizzes.
OR
Log In

From the Vault

Letters Minefield: Bible Books

by LTH

This won't be as forgiving as the actual Bible.
Remove Ads.
Support Sporcle.
Get the best of Sporcle when you Go Orange. This ad-free experience offers more features, more stats, and more fun while also helping to support Sporcle. Thank you for becoming a member.

Show Comments

Extras

Top Quizzes Today


Score Distribution

Your Account Isn't Verified!

In order to create a playlist on Sporcle, you need to verify the email address you used during registration. Go to your Sporcle Settings to finish the process.

Report this User

Report this user for behavior that violates our Community Guidelines.

Details: